000 00353nam a22001457a 4500
999 _c8046
_d8046
003 OSt
005 20200626160516.0
008 200626b ||||| |||| 00| 0 eng d
020 _a9783866540316
082 _a729
_bLIN
100 _a Linz, Barbara
245 _aScience spaces : architecture & design
260 _aNew York
_bDaab Pub
_c2008
942 _2ddc